000 00402nam a2200145Ia 4500
008 140609s9999 xx 000 0 und d
020 _a9789715382472
050 _aDS 676
_b.M56 2011
245 _aMinutes of the katipunan /
260 _aManila, Philippines :
_bNational Historical Institute,
_cc2011.
300 _a247 p. :
_bill. ;
_c23 cm.
521 _aGE
942 _kLOC
_cBK
999 _c118155
_d118155